[Event "2nd El Ksiba Open 2019"]
[Site "El Ksiba"]
[Date "2019.04.09"]
[Round "2.10"]
[White "Mounib, Abdelaziz"]
[Black "Naumkin, Igor"]
[Result "0-1"]
[WhiteElo "2020"]
[BlackElo "2383"]
[Annotator "ChessBase"]
[PlyCount "68"]
[EventDate "2018.08.17"]
[EventType "swiss"]
[EventCountry "MAR"]
[SourceTitle "playchess.com"]
[Source "ChessBase"]
[SourceQuality "1"]
[TimeControl "5400+30"]

1. e4 {[%emt 0:02:02]} e5 {[%emt 0:04:50]} 2. Nf3 {[%emt 0:00:43]} Nc6 {[%emt 0:00:15]} 3. d4 {[%emt 0:01:55]} exd4 {[%emt 0:00:06]} 4. Nxd4 {[%emt 0:00:08]} Bc5 {[%emt 0:00:06]} 5. Nb3 {[%emt 0:00:08]} Bb6 {[%emt 0:00:12]} 6. Nc3 {[%emt 0:00:11]} Nf6 {[%emt 0:01:07]} 7. Qe2 {[%emt 0:01:22]} d6 {[%emt 0:01:21]} 8. Be3 {[%emt 0:00:20]} Be6 {[%emt 0:00:59]} 9. O-O-O {[%emt 0:00:50]} Qe7 {[%emt 0:01:19]} 10. g3 {[%emt 0:04:57]} O-O {[%emt 0:02:22]} 11. Bg2 {[%emt 0:01:17]} Bxe3+ {[%emt 0:03:58]} 12. Qxe3 {[%emt 0:00:30]} Ne5 {[%emt 0:00:29]} 13. f4 {[%emt 0:01:55]} Nc4 {[%emt 0:01:27]} 14. Qd4 {[%emt 0:03:28]} c5 {[%emt 0:03:28]} 15. Qg1 {[%emt 0:09:17]} Rab8 {[%emt 0:06:52]} 16. h3 {[%emt 0:01:31]} b5 {[%emt 0:01:11]} 17. Re1 {[%emt 0:30:01]} b4 {[%emt 0:04:25]} 18. Nd1 {[%emt 0:08:18]} a5 {[%emt 0:03:48]} 19. e5 {[%emt 0:00:51]} Nd7 {[%emt 0:03:56]} 20. g4 {[%emt 0:00:40]} a4 {[%emt 0:01:33]} 21. Na1 {[%emt 0:03:12]} Ndb6 {[%emt 0:08:18]} 22. f5 {[%emt 0:00:47]} Qg5+ {[%emt 0:02:52]} 23. Ne3 {[%emt 0:00:13]} Bd5 {[%emt 0:01:42]} 24. h4 {[%emt 0:03:27]} Qf4 {[%emt 0:00:36]} 25. Bxd5 {[%emt 0:16:57]} Nxd5 {[%emt 0:00:25]} 26. Qf1 {[%emt 0:00:17]} Qxf1 {[%emt 0:03:15]} 27. Nxf1 {[%emt 0:00:05]} Nxe5 {[%emt 0:04:02]} 28. Rd1 {[%emt 0:02:11]} Nf6 {[%emt 0:03:48]} 29. g5 {[%emt 0:02:15]} Ne4 {[%emt 0:00:11]} 30. Rh2 {[%emt 0:00:49]} a3 {[%emt 0:01:19]} 31. b3 {[%emt 0:01:47]} Nc3 {[%emt 0:01:14]} 32. Rxd6 {[%emt 0:01:05]} Nxa2+ {[%emt 0:00:15]} 33. Kb1 {[%emt 0:00:11]} Nc3+ {[%emt 0:00:13]} 34. Kc1 {[%emt 0:00:02]} Nf3 {[%emt 0:01:17]} 0-1

[Event "2nd El Ksiba Open 2019"]
[Site "El Ksiba"]
[Date "2019.04.09"]
[Round "3.1"]
[White "Meynard, Thibault"]
[Black "Bauer, Christian"]
[Result "1-0"]
[WhiteElo "2195"]
[BlackElo "2639"]
[Annotator "TA"]
[PlyCount "200"]
[EventDate "2018.08.17"]
[EventType "swiss"]
[EventCountry "MAR"]
[SourceTitle "playchess.com"]
[Source "ChessBase"]
[SourceQuality "1"]

{[%evp 13,200,0,31,8,15,14,10,0,34,0,0,0,8,-18,0,0,0,0,0,0,10,-22,9,20,26,-10,-17,-16,8,8,0,11,6,0,14,-21,0,-32,0,-14,-13,-65,-62,-72,-81,-60,-4,-12,0,0,0,0,0,0,0,-15,-15,-13,-14,-14,-12,-12,-15,-12,25,25,25,26,24,18,8,5,8,0,0,0,0,0,0,0,0,-8,-8,-22,-19,-55,-55,-55,-55,-55,-55,-55,-55,-55,-55,-55,-55,-55,-55,-55,-55,-55,-55,-55,-55,-55,-55,-55,-55,-55,-55,-55,-55,-55,-55,-55,-55,-55,-55,-55,-55,-56,-55,-55,-55,-55,-55,-55,-55,-55,-55,-55,-55,-56,-56,-56,-56,-56,-56,-61,-61,-61,-61,-61,-61,-61,-61,-62,-62,-62,-62,-62,-62,-62,-62,-62,-62,-62,-56,-56,-56,-62,-62,-72,-72,-72,-75,-75,-75,-29979,-29980,-29980,-29980,-29983,-29984,-29983,-29979,-29979,-29977,-29977,-29977,-29992,-29993,-29993,-29990,-29990,-29991,-29991,20]} 1. d4 e6 2. Nf3 c5 3. e3 Nf6 4. c3 b6 5. Nbd2 Bb7 6. Bd3 Nc6 7. O-O Qc7 {LiveBook: 39 Games} 8. b3 {A47: 1 d4 Nf6 2 Nf3 b6: Torre, London and Colle Systems} (8. Qe2 Be7 9. a3 d5 10. e4 dxe4 11. Nxe4 cxd4 12. cxd4 O-O 13. Be3 Nd5 14. Rac1 Nf4 15. Bxf4 Qxf4 16. Qe3 Qxe3 17. fxe3 {½-½ (60) Vorotnikov,V (2440)-Ghaem Maghami,E (2570) Basel 2012}) 8... Be7 9. Bb2 O-O 10. Rc1 {The position is equal.} Rad8 11. Re1 d5 12. c4 $146 ({Predecessor:} 12. Bb1 e5 13. dxe5 Nxe5 14. Nxe5 Qxe5 15. Nf3 Qh5 16. Qe2 Rfe8 17. Bd3 Bd6 18. h3 Bc8 {0-1 (29) Elfert,A (2239)-Dvalishvili,P (2374) Tula 2002}) 12... dxc4 13. bxc4 cxd4 14. exd4 Qf4 15. Qe2 Bb4 {[%cal Rc6d4]} 16. Red1 Ne7 17. Qe3 Qg4 18. h3 Qh5 19. Ne4 Nxe4 20. Bxe4 Nf5 21. Qd3 Bxe4 22. Qxe4 Rfe8 23. Ne5 {[#] Threatens to win with Nc6.} Ne7 24. Rd3 Bd6 25. g4 Qh6 26. Rcd1 f5 27. Qg2 ({White should play} 27. Qe3 $11) 27... Bxe5 $1 $15 28. dxe5 Rxd3 29. Rxd3 fxg4 ({Better is} 29... Qg6 $1 $15 30. Rd2 fxg4 31. Qxg4 Qb1+ 32. Kh2 Nf5) 30. Qxg4 $11 Nf5 31. Rd7 Rc8 32. a4 a5 33. Ba3 Qg6 34. Rb7 Qxg4+ 35. hxg4 {[%mdl 4096] Endgame KRB-KRN} Nd4 36. Rxb6 Rxc4 37. Rb8+ Kf7 38. Rb7+ Ke8 39. Re7+ Kd8 40. Rxg7 Nf3+ 41. Kg2 Nxe5 42. Be7+ Ke8 43. f3 Rc2+ 44. Kg3 {Bf6 is the strong threat.} Rc3 45. Rxh7 Rxf3+ 46. Kg2 Rd3 47. Bf6 Nxg4 48. Re7+ Kf8 49. Rxe6 Kf7 50. Ra6 Nxf6 51. Rxa5 $15 {KRN-KR} Ke6 52. Ra8 Ra3 53. Ra7 Ng4 54. a5 Ne5 55. a6 Nc6 56. Ra8 Kd6 57. Kf2 Kc5 58. Kg2 Kb6 59. Kf2 Rd3 60. Ke2 Rh3 61. Kf2 Na7 62. Rb8+ Kxa6 63. Rb1 Nb5 64. Ra1+ Kb6 65. Rc1 Nc3 66. Kg2 Rd3 67. Ra1 Kc5 68. Ra8 Kd4 69. Rd8+ Nd5 70. Kf2 Ra3 71. Ke2 Ra7 72. Kf3 Re7 73. Rh8 Rf7+ 74. Kg3 Ke3 75. Re8+ Ne7 76. Kg4 Rg7+ 77. Kh3 Kf4 78. Rf8+ Nf5 79. Kh2 Rg5 80. Rf7 Kf3 {aiming for ...Kf2.} 81. Rf8 Ke3 82. Kh3 Kf2 83. Rf6 Rg3+ 84. Kh2 Rf3 {( -> ...Rf4)} 85. Ra6 Rf4 {[%cal Rf4h4]} 86. Ra2+ Kf3 87. Ra3+ Ne3 88. Kg1 Rg4+ 89. Kh2 Rg8 90. Rb3 Ra8 91. Kg1 $2 {[%mdl 8192] [#]} (91. Rd3 $17) 91... Ra2 {Black mates.} 92. Kh1 Re2 93. Kg1 Kg3 {[%cal Re2e1]} 94. Rb1 Rc2 95. Ra1 Rg2+ 96. Kh1 Rd2 97. Kg1 Nc2 98. Rb1 Nd4 99. Kf1 Nf3 {[%csl Gg3][%cal Rd2f2]} 100. Rb2 Nd4 $2 {[%mdl 32768] Precision: White = 62%, Black = 72%. . Loss on Time!?} (100... Nh2+ {mates} 101. Ke1 Rxb2 102. Kd1 Rg2 103. Ke1 Kf4 104. Kd1 Ke3 105. Kc1 Kd4 106. Kb1 Kc3 107. Ka1 Kb3 108. Kb1 Rg1#) 1-0

[Event "2nd El Ksiba Open 2019"]
[Site "El Ksiba"]
[Date "2019.04.09"]
[Round "3.2"]
[White "Hamdouchi, Hicham"]
[Black "Kukov, Velislav"]
[Result "1/2-1/2"]
[WhiteElo "2584"]
[BlackElo "2351"]
[Annotator "TA"]
[PlyCount "82"]
[EventDate "2018.08.17"]
[EventType "swiss"]
[EventCountry "MAR"]
[SourceTitle "playchess.com"]
[Source "ChessBase"]
[SourceQuality "1"]

{[%evp 14,82,65,62,54,8,102,93,92,70,92,93,97,72,112,112,145,146,146,145,141,132,134,35,30,33,35,32,35,26,28,31,25,0,0,0,0,0,25,24,22,21,17,15,11,4,21,8,13,10,8,0,0,0,0,0,0,0,0,0,6,0,0,0,0,6,13,10,15,8,66]} 1. e4 c6 2. Nc3 d5 3. Nf3 g6 4. d4 Bg7 5. h3 Nh6 6. Bd3 O-O 7. O-O f6 8. Ne2 Nf7 {B15: Caro-Kann: 3 Nc3: 3...g6 and 3...dxe4 4 Nxe4 Nf6 5 Nxf6+ exf6} 9. c4 Na6 (9... dxe4 $11 10. Bxe4 Na6) 10. exd5 $16 cxd5 {White is better.} 11. Nf4 Nb4 12. cxd5 Nxd5 13. Qb3 Nc7 14. Re1 {[#]} b5 $146 ({Predecessor:} 14... Kh8 15. Bxg6 hxg6 16. Nxg6+ {1-0 (28) Sion Castro,M (2380)-Ubilava,E (2535) Leon 1994}) 15. Be4 Rb8 16. Bd2 e5 17. dxe5 fxe5 18. Nd5 (18. Rad1 $16 {Strongly threatening Bb4.} exf4 19. Bxf4) 18... Be6 $14 {[%cal Re6d5]} 19. Ba5 Bxd5 20. Bxd5 Qxd5 21. Bxc7 Qxb3 22. axb3 Rb7 23. Bxe5 (23. Ba5 {seems wilder.} b4 24. Ra4 Rfb8 25. Re4 Bf8 26. Rc4) 23... Nxe5 24. Nxe5 Rc7 25. Nd3 Bd4 26. Re2 Bb6 27. Kf1 {The position is equal.} Rd7 28. Ne1 Rfd8 29. g3 Kg7 30. h4 h6 31. Rc1 Rd2 32. Rxd2 Rxd2 $11 {[%mdl 4096] Endgame KRB-KRN} 33. Rc2 Rd4 34. Nf3 Rd3 35. Nd2 Rd6 36. Ne4 Rd4 37. Nd2 Rd6 38. Ne4 Rd4 39. f3 Rd1+ 40. Ke2 Rh1 41. b4 Ra1 {Accuracy: White = 47%, Black = 68%.} (41... Kf7 $11) 1/2-1/2

[Event "2nd El Ksiba Open 2019"]
[Site "El Ksiba"]
[Date "2019.04.09"]
[Round "3.3"]
[White "Becham, Khalid"]
[Black "Tilicheev, Viacheslav"]
[Result "0-1"]
[WhiteElo "2146"]
[BlackElo "2518"]
[Annotator "TA"]
[PlyCount "67"]
[EventDate "2018.08.17"]
[EventType "swiss"]
[EventCountry "MAR"]
[SourceTitle "playchess.com"]
[Source "ChessBase"]
[SourceQuality "1"]

{[%evp 16,67,4,3,8,-33,-12,-16,-9,-37,-33,-37,-19,-30,-39,-21,-44,-186,-25,-33,-21,-183,-178,-169,-167,-189,-192,-885,-514,-504,-275,-283,-282,-277,-243,-277,-94,-1094,-1113,-1113,-1047,-29988,-29989,-29990,-29989,-29989,-29990,-29990,-29991,-29991,-29992,-29992,-29993,-29993]} 1. e4 e5 2. Nf3 Nc6 3. d4 exd4 4. Nxd4 Nf6 5. Nxc6 bxc6 6. e5 Qe7 7. Qe2 Nd5 8. c4 Nb6 9. Nc3 Qe6 {C45: Scotch Game} (9... Bb7 10. Bd2 O-O-O 11. O-O-O Re8 12. Re1 Qb4 13. Kb1 Ba6 14. Nd5 Qa4 15. Nxb6+ axb6 16. g3 f6 17. f4 fxe5 18. fxe5 {0-1 (38) Saric,I (2689)-Almasi,Z (2699) Rio Achaea 2018}) 10. b3 a5 11. Qe3 Bb4 {The position is equal.} 12. Bb2 (12. a3 $5 {[%cal Ra3b4]} Bxc3+ 13. Qxc3 $11) 12... a4 13. O-O-O $1 axb3 $146 ({Predecessor:} 13... Qe7 14. Nb1 axb3 15. axb3 Bb7 16. Bd3 h6 17. Qg3 {0-1 (40) Trebbi,A-Di Fonzo,V Asiag 1991}) 14. axb3 O-O 15. Ne4 Ba3 16. f4 (16. Bxa3 $15 Rxa3 17. Kb2) 16... Bxb2+ $2 (16... Qe7 $1 $19 {And now ...Bxb2+ would win.} 17. c5 Nd5) 17. Kxb2 $11 Qe7 18. Bd3 $2 (18. c5 $1 $11 {and White is okay.}) 18... Qa3+ $19 19. Kc2 Qa2+ 20. Kc3 {[#]} Ra3 $1 21. Nd2 $2 (21. Bc2 Nxc4 {[%mdl 64] Pin} 22. Qc1) 21... Na4+ 22. Kd4 c5+ 23. Ke4 Nc3+ 24. Kf3 Bb7+ 25. Kg3 {Threatens to win with Rc1.} Rxb3 $2 (25... Nxd1 $19 26. Rxd1 Bc6) 26. Nxb3 $4 {[%mdl 8192]} ({Don't go for} 26. Ra1 $2 {[#]} Qxd2 $1 {[%mdl 512]} 27. Qxd2 (27. Bxh7+ $2 Kxh7 28. Qxd2 Ne4+ {[%mdl 64] Double Attack, Discovered Attack (Double check)} 29. Kg4 Nxd2 $19) 27... Ne4+ 28. Kf3 Nxd2+ $19) (26. Rde1 $17 f5 27. exf6 Rxf6 28. f5) 26... Qxg2+ {[%mdl 64] Double Attack} 27. Kh4 Nxd1 28. Rxd1 Qxh2+ {Black mates.} 29. Kg4 h5+ 30. Kf5 Qh4 {[%csl Gf7][%cal Rg7g6]} 31. Rg1 g6+ 32. Rxg6+ fxg6+ 33. Kxg6 Qg4+ 34. Kh6 {Accuracy: White = 23%, Black = 48%.} 0-1

[Event "2nd El Ksiba Open 2019"]
[Site "El Ksiba"]
[Date "2019.04.09"]
[Round "3.4"]
[White "Grover, Sahaj"]
[Black "Touzane, Olivier"]
[Result "1/2-1/2"]
[WhiteElo "2511"]
[BlackElo "2275"]
[Annotator "TA"]
[PlyCount "52"]
[EventDate "2018.08.17"]
[EventType "swiss"]
[EventCountry "MAR"]
[SourceTitle "playchess.com"]
[Source "ChessBase"]
[SourceQuality "1"]

{[%evp 15,52,0,0,-15,61,64,65,41,66,27,75,95,97,80,74,0,0,-41,16,8,40,42,39,-33,10,-27,-20,-10,-27,-34,-28,-111,-86,-132,-124,-133,-120,-154,-133]} 1. e4 c5 2. Nc3 a6 3. Nf3 d6 4. d4 cxd4 5. Nxd4 Nf6 6. Bc4 e6 7. Bb3 Nbd7 8. Bg5 Nc5 9. f4 {B86: Sicilian Scheveningen/Najdorf: 6 Bc4, without early ...b5} (9. O-O Be7 10. Re1 h6 11. Bh4 Nxb3 12. axb3 g5 13. Bg3 e5 14. Nde2 Be6 15. f3 Rc8 16. Bf2 h5 17. Ng3 {½-½ (48) Rublevsky,S (2683)-Oparin,G (2602) Moscow 2017}) 9... Qa5 (9... Be7 $11) 10. Bxf6 $1 $14 gxf6 11. O-O {White is slightly better.} h5 12. f5 Be7 13. Qf3 $146 ({Predecessor:} 13. Kh1 Bd7 14. a3 Nxb3 15. cxb3 O-O-O 16. b4 {1-0 (64) Almagro Llamas,P (2453)-Arribas Lopez,A (2481) Madrid 2010}) 13... h4 14. fxe6 fxe6 15. Qg4 (15. Bc4 $16) 15... Nxb3 $15 16. Qg6+ Kd8 (16... Kd7 $15 17. axb3 Qh5) 17. axb3 Qe5 18. Rad1 Bd7 19. Nce2 (19. Qg7 $14 Re8 20. Qh7) 19... h3 20. g3 (20. Qg7 $5 {[%cal Rg7h8]} Rh4 21. Nf3 (21. Qg8+ Kc7 $17) 21... Qc5+ 22. Rf2 Rxe4 23. Nc3 $11) 20... Kc7 $36 {[%mdl 2048] Black has good play.} 21. Nf4 Rae8 22. Qg4 Bd8 23. Rf2 (23. Ng6 $11 {remains equal.} Qh5 24. Qxh5 Rxh5 25. Nf4) 23... Kc8 24. Qe2 Qc5 25. c3 Bb6 26. Nd3 {[#]} Qc7 $1 {Accuracy: White = 30%, Black = 47%.} 1/2-1/2

[Event "2nd El Ksiba Open 2019"]
[Site "El Ksiba"]
[Date "2019.04.09"]
[Round "3.5"]
[White "Chennaoui, Yasin"]
[Black "Strikovic, Aleksa"]
[Result "1/2-1/2"]
[WhiteElo "2064"]
[BlackElo "2493"]
[Annotator "TA"]
[PlyCount "120"]
[EventDate "2018.08.17"]
[EventType "swiss"]
[EventCountry "MAR"]
[SourceTitle "playchess.com"]
[Source "ChessBase"]
[SourceQuality "1"]

{[%evp 10,120,45,30,60,22,31,21,28,24,37,35,44,0,0,0,0,0,0,0,0,-6,0,-6,0,0,0,0,0,0,0,-25,-23,-17,-10,-29,-22,-34,-11,-54,-35,-50,-14,-23,-14,-22,-23,-14,-7,-6,-6,-5,-5,-5,-10,-12,0,0,0,0,0,0,0,0,0,0,0,0,0,0,0,0,0,0,0,0,0,0,0,0,0,0,0,0,0,0,0,0,0,0,0,0,0,0,0,0,-8,-423,-377,-347,-306,-1163,-30,-30,0,0,0,0,0,0,0,0,0]} 1. d4 d6 2. e4 Nf6 3. Nc3 e5 4. dxe5 dxe5 5. Qxd8+ Kxd8 6. Bc4 Ke8 {B07: Pirc Defence: Miscellaneous Systems} 7. f3 (7. Nf3 Bd6 8. Be3 a6 9. a3 h6 10. h3 Nbd7 11. O-O-O b6 12. Nd2 Bb7 13. Rhe1 Ke7 14. Ba2 c6 15. g4 b5 {1-0 (40) Demchenko,A (2679)-Kadric,D (2554) Skopje 2018}) 7... c6 8. a4 a5 9. Be3 Nbd7 10. Nh3 {Strongly threatening Ng5.} Bc5 11. Bxc5 Nxc5 12. Nf2 Be6 $146 ({Predecessor:} 12... Ke7 13. O-O-O Be6 14. Bxe6 Kxe6 15. Nd3 Nfd7 16. b3 g6 {½-½ (47) Vaysberg,A (2217)-Medak,B (2399) Pula 2013}) 13. Bxe6 Nxe6 14. Nd3 Nd7 $1 15. Ne2 f6 16. Kf2 Ke7 17. Rhd1 Rhd8 18. b3 Ndc5 19. Nxc5 Nxc5 20. Nc3 Ne6 21. Ne2 g6 22. g4 Rxd1 23. Rxd1 $11 {[%mdl 4096] Endgame KRN-KRN} Rh8 24. Ng3 Nd4 25. Rd2 b5 26. Ne2 Nxe2 27. Kxe2 bxa4 28. bxa4 {KR-KR} Rb8 29. c3 Rb1 30. Kd3 Rf1 31. Ke3 Rc1 32. Kd3 Kd6 33. Kc4+ Kc7 34. h4 Rf1 35. Rd3 Kb6 36. g5 fxg5 37. hxg5 Ra1 38. Rd7 Rxa4+ 39. Kb3 Ra1 40. Rxh7 Rg1 41. Re7 Rxg5 42. Kc4 Rg3 43. Rxe5 Rxf3 44. Rg5 Rf6 45. Rg1 Re6 46. Kd4 Rd6+ 47. Kc4 a4 48. Rb1+ Kc7 49. Ra1 g5 50. Rxa4 Rg6 {With the idea ...g4.} 51. Kc5 g4 52. Ra7+ Kd8 {White should prevent ...g3.} 53. Ra2 $2 {[%mdl 8192]} (53. Ra8+ $11 {and White has nothing to worry.} Ke7 54. c4) 53... g3 $19 54. Rg2 Kd7 55. e5 $2 {[#]} (55. Rd2+ Ke6 56. Rd6+ Kf7 57. Rd1) 55... Rg5 $2 (55... Rg4 $1 $19 {aiming for ...Ke6.} 56. Kb6 Ke6) 56. Kb6 $1 $11 Rg4 {White must now prevent ...Ke6.} 57. c4 $1 {The position is equal.} Rg8 {[#]} 58. e6+ $1 {[%mdl 512]} Kd6 {And now ...Rb8+ would win.} (58... Kxe6 59. Kxc6) 59. c5+ Kxe6 60. Kxc6 Kf5 {Accuracy: White = 64%, Black = 53%.} 1/2-1/2

[Event "2nd El Ksiba Open 2019"]
[Site "El Ksiba"]
[Date "2019.04.09"]
[Round "3.6"]
[White "Maksimenko, Andrei"]
[Black "Ouakhir, Pierre Mehdi"]
[Result "1-0"]
[WhiteElo "2461"]
[BlackElo "2217"]
[Annotator "TA"]
[PlyCount "43"]
[EventDate "2018.08.17"]
[EventType "swiss"]
[EventCountry "MAR"]
[SourceTitle "playchess.com"]
[Source "ChessBase"]
[SourceQuality "1"]

{[%evp 13,43,32,32,31,35,16,6,2,35,32,32,33,40,10,40,10,79,87,76,72,64,14,12,21,35,45,466,420,724,689,679,658]} 1. d4 d5 2. c4 e6 3. Nf3 c6 4. g3 Nf6 5. Nbd2 Nbd7 6. Bg2 Bd6 7. O-O O-O 8. Re1 {E01: Catalan: Early deviations} (8. b3 b6 9. Bb2 Bb7 10. Qc2 c5 11. cxd5 exd5 12. Rad1 Qe7 13. dxc5 bxc5 14. e4 dxe4 15. Ng5 Rfe8 16. Rfe1 Be5 17. Ndxe4 Nxe4 18. Bxe4 Bxe4 19. Qxe4 {1-0 (27) Meier,G (2623)-Spoelman,W (2578) chess.com INT 2019}) 8... b6 9. b3 Bb7 10. Bb2 {The position is equal.} Qc7 11. Qc2 c5 $146 ({Predecessor:} 11... Rac8 12. e4 dxe4 13. Nxe4 Nxe4 14. Qxe4 Nf6 15. Qc2 Rfd8 16. a3 c5 17. Ng5 cxd4 18. Bxb7 Qxb7 19. Bxd4 {1-0 (38) Keller,G (2348)-Luehrig,W (2178) DESC email 2004}) 12. cxd5 exd5 13. Rac1 Rac8 14. Bh3 Ne4 (14... Qd8 $11 {remains equal.}) 15. Nxe4 $16 dxe4 16. Ng5 Rce8 {[#] White must now prevent ...h6.} 17. dxc5 Nxc5 18. b4 (18. Qc3 Be5 $17) 18... h6 {Strongly threatening ...Na6.} 19. bxc5 $40 {[%mdl 128] White mounts an attack.} Bxc5 $2 {[%mdl 8192]} (19... bxc5 $14 20. Nxe4 (20. Qc3 Be5 $11) 20... Bxe4) 20. Qc3 $18 {[%csl Gb2][%cal Rc3g7] [#]} f5 (20... Bxf2+ $142 21. Kxf2 Qxc3 22. Rxc3 hxg5) 21. Qb3+ Kh8 22. Ne6 {Accuracy: White = 68%, Black = 28%.} 1-0

[Event "2nd El Ksiba Open 2019"]
[Site "El Ksiba"]
[Date "2019.04.09"]
[Round "3.7"]
[White "Larino Nieto, David"]
[Black "Saber, Yasser"]
[Result "1-0"]
[WhiteElo "2434"]
[BlackElo "2136"]
[Annotator "TA"]
[PlyCount "81"]
[EventDate "2018.08.17"]
[EventType "swiss"]
[EventCountry "MAR"]
[SourceTitle "playchess.com"]
[Source "ChessBase"]
[SourceQuality "1"]

{[%evp 19,81,6,0,10,25,2,-3,0,81,87,112,101,106,116,114,90,95,89,97,88,104,95,97,74,72,57,80,85,80,81,82,69,71,61,130,130,165,162,168,176,165,163,155,162,172,147,153,154,361,340,342,325,352,341,391,379,402,397,483,473,651,624,589,602]} 1. Nf3 d5 2. b3 Nf6 3. Bb2 c6 4. d3 Bg4 5. g3 Nbd7 6. Bg2 e6 7. h3 Bh5 8. O-O Be7 9. Nbd2 {A07: Réti Opening: New York and Capablanca Systems} h6 (9... O-O 10. g4 Bg6 11. Nh4 Ne8 12. Nxg6 hxg6 13. e3 Nd6 14. f4 g5 15. Nf3 gxf4 16. exf4 Bf6 17. c3 g6 {½-½ (36) Nakamura,H (2786)-Karjakin,S (2783) chess.com INT 2017}) 10. e4 O-O {LiveBook: 4 Games} 11. e5 {The position is equal.} Nh7 12. g4 Bg6 13. Qe2 f6 $146 (13... Re8 $11) ({Predecessor:} 13... Rc8 14. Nh2 Re8 15. f4 f5 16. Ndf3 c5 17. c4 {1-0 (37) Abdulla,A (1789)-Abdulla,A (1744) Abu Dhabi 2012}) 14. exf6 $16 Bxf6 15. Qxe6+ Bf7 16. Bxf6 Nhxf6 17. Qe3 Re8 18. Qf4 g5 19. Qg3 Nf8 {[%cal Bd7f8,Bf8e6,Be6f4][%mdl 32]} 20. h4 Ne6 21. hxg5 hxg5 22. Rfe1 Nh7 23. Re5 Qf6 24. Rae1 Nf4 25. Bf1 Rxe5 26. Rxe5 Be6 {[#]} (26... a5 $14) 27. d4 $1 Re8 28. Bd3 $1 {[%cal Rd3h7]} Nxd3 29. cxd3 Qf4 30. Kg2 Qxg3+ 31. Kxg3 Bf7 32. b4 Bg6 33. a3 Kf8 $2 {[#]} (33... Kg7 $16 {is a better defense.} 34. Nb3 b6) 34. Nxg5 $18 Nxg5 35. Rxg5 Bxd3 {[%mdl 4096] Endgame KRB-KRN} 36. Re5 Rd8 37. Re3 Bc2 38. Nf3 Rd6 39. Ne5 {White is clearly winning.} b6 40. Rc3 Ba4 41. g5 {Precision: White = 86%, Black = 41%.} 1-0

[Event "2nd El Ksiba Open 2019"]
[Site "El Ksiba"]
[Date "2019.04.09"]
[Round "3.8"]
[White "Abahchouch, Younes"]
[Black "Zaibi, Amir"]
[Result "0-1"]
[WhiteElo "1865"]
[BlackElo "2395"]
[Annotator "TA"]
[PlyCount "68"]
[EventDate "2018.08.17"]
[EventType "swiss"]
[EventCountry "MAR"]
[SourceTitle "playchess.com"]
[Source "ChessBase"]
[SourceQuality "1"]

{[%evp 19,68,32,43,17,38,46,101,49,47,45,90,8,19,15,16,8,3,2,17,3,4,-18,0,0,8,0,0,0,0,-112,-104,-108,-102,-102,-107,-118,-100,-153,-147,-169,-139,-154,-156,-155,2008,-144,-154,-140,820,-142,-137]} 1. e4 c5 2. Nf3 Nc6 3. d4 cxd4 4. Nxd4 e5 5. Nb5 d6 6. c4 Be7 7. N1c3 a6 8. Na3 Be6 9. Nc2 Bg5 10. Be2 Bxc1 11. Qxc1 {B32: Sicilian: Löwenthal and Kalashnikov Variations} (11. Rxc1 Nf6 12. O-O O-O 13. Qd2 Qb6 14. Rfd1 Rfd8 15. b3 h6 16. h3 Qa7 17. Bf3 Ne7 18. Ne3 Nc6 19. Bg4 Nd4 20. Bxe6 fxe6 21. Nc2 Nxc2 22. Rxc2 Rd7 {1-0 (54) Carlsen,M (2862)-Hou,Y (2673) Wijk aan Zee 2015}) 11... Qh4 $146 ({Predecessor:} 11... Qb6 12. O-O Nf6 13. Rd1 O-O 14. b3 Rfd8 15. Rd2 Rac8 16. Qb2 Ne7 17. Ne3 Nc6 18. Nc2 Ne7 {½-½ (39) Dolmatov,S (2595)-Van der Wiel,J (2540) Manila 1992}) 12. Qe3 Nf6 ({Black should try} 12... Rd8 $14) 13. Rd1 (13. g3 $16 Qh3 14. O-O-O) 13... Rd8 $14 14. O-O h5 15. Qg3 (15. g3 $16 Qh3 16. f3) 15... Qxg3 $11 16. hxg3 h4 17. gxh4 Rxh4 18. f3 Nh5 19. Nd5 Bxd5 20. Rxd5 Ng3 (20... Nf4 $5 21. Rd2 $8 Ne6 $15) 21. Re1 f5 22. Kf2 Nh1+ 23. Kg1 g6 24. Red1 (24. b4 $11) 24... Ng3 $36 {[%mdl 2112] [#] Double Attack. Keeping White busy.} ({Don't play} 24... fxe4 $6 25. Rxd6 Ng3 26. Rxd8+ Nxd8 27. Re1 $11) 25. Kf2 Nxe2 26. Kxe2 fxe4 27. b3 Ke7 28. Ke3 ({Better is} 28. fxe4 Rxe4+ 29. Kf3 Rf4+ 30. Kg3) 28... exf3 29. gxf3 Rh2 30. R5d2 Rdh8 31. Rxh2 Rh7 $2 {[#]} (31... Rxh2 $17 32. Rd2 Rxd2 33. Kxd2 Ke6) 32. Rh3 $2 (32. Rxh7+ $18 Ke6 33. Rxb7) 32... Rxh3 33. Rd2 Rh2 $2 {[%mdl 8192]} (33... Rh4 $17 34. Rg2 Kf7) 34. Re2 $2 (34. Rxh2 $18 Ke6 35. Ke4) 34... Rxe2+ {Accuracy: White = 40%, Black = 43%.} 0-1

[Event "2nd El Ksiba Open 2019"]
[Site "El Ksiba"]
[Date "2019.04.09"]
[Round "3.9"]
[White "Naumkin, Igor"]
[Black "Ammor, Hicham"]
[Result "1-0"]
[WhiteElo "2383"]
[BlackElo "1998"]
[Annotator "TA"]
[PlyCount "56"]
[EventDate "2018.08.17"]
[EventType "swiss"]
[EventCountry "MAR"]
[SourceTitle "playchess.com"]
[Source "ChessBase"]
[SourceQuality "1"]

{[%evp 26,56,43,36,53,0,6,7,39,10,18,0,0,0,67,58,85,97,105,93,104,111,439,438,735,720,680,658,1009,982,976,938,1317]} 1. d4 Nf6 2. c4 g6 3. Nc3 d5 4. cxd5 Nxd5 5. e4 Nxc3 6. bxc3 c5 7. Bc4 Bg7 8. Ne2 Nc6 9. Be3 O-O 10. O-O Bg4 11. f3 Na5 12. Bxf7+ Rxf7 13. fxg4 Rxf1+ 14. Kxf1 Qd7 {D87: Exchange Grünfeld: Classical Line: Variations without ...cxd4} 15. Kg1 Qxg4 16. Qd3 {[#]} Rd8 $146 {The position is equal.} ({Predecessor:} 16... cxd4 17. cxd4 Rc8 18. Rf1 Nc4 19. Bc1 Qd7 20. d5 e5 21. h3 b5 22. Ng3 b4 23. Nh1 Nd6 24. Nf2 Qa4 25. Qe2 Rc2 {0-1 (52) Naumkin,I (2484)-Negi,P (2621) Cappelle-la-Grande 2010}) 17. h3 Qd7 18. d5 b6 19. Bg5 Nc6 (19... h6 $11 20. Bh4 g5) 20. Qg3 $1 $36 {[%mdl 2048] White fights for an advantage.} Ne5 {[#]} 21. Nf4 $1 Nf7 22. Ne6 Nxg5 23. Qxg5 Rc8 $2 {[%mdl 8192] [#]} (23... Re8 $16) 24. Rf1 $1 $18 {White is clearly winning.} Qe8 (24... Re8 $142 25. Qf4 (25. Nxg7 Kxg7 26. Qf4 e5 $16) 25... Kh8) 25. e5 h6 26. Qg4 Bxe5 27. Rf8+ Qxf8 28. Nxf8 Bg7 {Accuracy: White = 88%, Black = 27%.} 1-0